| 000 | 00547nam a22001937a 4500 | ||
|---|---|---|---|
| 003 | koha_MIRAKIL | ||
| 005 | 20231213100204.0 | ||
| 008 | 231213b |||||||| |||| 00| 0 ||| d | ||
| 040 |
_aTR-IsEVY _btur _cTR-IsEVY |
||
| 082 | _a297.4 KIS/V | ||
| 100 | _aKısakürek, Necip Fazıl, 1904-1983. | ||
| 245 | 0 |
_aVeliler ordusundan _b333halkadan pırıltılar |
|
| 250 | _a2. bs. | ||
| 260 |
_bTürk Neşriyat Yurdu, _c1977 |
||
| 300 | _a525 s. | ||
| 650 | _aİslam dini -- Tasavvuf. | ||
| 650 | _aIslammic religion -- Sufism. | ||
| 942 |
_2ddc _cBK |
||
| 999 |
_c15961 _d15961 |
||